[Event "TCh-RUS Premier 2022"]
[Site "Sochi RUS"]
[Date "2022.05.04"]
[Round "3.3"]
[Board "4"]
[White "Faizrakhmanov, Ramil"]
[Black "Sakaev, Konstantin"]
[Result "1/2-1/2"]
[WhiteTitle "IM"]
[BlackTitle "GM"]
[WhiteElo "2480"]
[BlackElo "2603"]
[WhiteTeam "Ladya (Respublika Tatarstan)"]
[BlackTeam "Mednyy vsadnik (g. Sankt-Peterburg)"]
[WhiteFideId "24103209"]
[BlackFideId "4104226"]
[EventDate "2022.05.01"]

1. d4 d5 2. c4 c6 3. Nc3 Nf6 4. e3 Bf5 5. cxd5 cxd5 6. Qb3 Nc6 7. Qxb7 Bd7 8.
Qb3 Rb8 9. Qd1 e5 10. dxe5 Nxe5 11. Nge2 Qa5 12. Nd4 Ne4 13. Bd2 Nc5 14. Bc1 Ne4
15. Bd2 Nc5 16. Bc1 1/2-1/2

[Event "TCh-RUS Premier 2022"]
[Site "Sochi RUS"]
[Date "2022.05.04"]
[Round "3.3"]
[Board "5"]
[White "Ponkratov, Pavel"]
[Black "Hasangatin, Ramil"]
[Result "1/2-1/2"]
[WhiteTitle "GM"]
[BlackTitle "GM"]
[WhiteElo "2624"]
[BlackElo "2479"]
[WhiteTeam "Mednyy vsadnik (g. Sankt-Peterburg)"]
[BlackTeam "Ladya (Respublika Tatarstan)"]
[WhiteFideId "4157800"]
[BlackFideId "4122160"]
[EventDate "2022.05.01"]

1. e4 c5 2. Nf3 Nc6 3. d4 cxd4 4. Nxd4 e6 5. Nc3 Bb4 6. Nxc6 dxc6 7. Qxd8+ Kxd8
8. Bf4 Nf6 9. O-O-O+ Ke7 10. f3 Rd8 11. Rxd8 Kxd8 12. Bd3 Nh5 13. Bg5+ Be7 14.
Bxe7+ Kxe7 15. e5 Nf4 16. Be4 Ng6 17. Bxg6 hxg6 18. Ne4 b6 19. Re1 c5 20. Re3
Bd7 21. h4 Rh8 22. Ra3 Ra8 23. g3 f6 24. f4 Bc6 25. Nd6 Kd7 26. Kd2 Kc7 27. c4
a6 28. Ke3 Kd7 29. Ke2 Kc7 30. g4 Rh8 31. Rxa6 fxe5 32. fxe5 Rxh4 33. Ra7+ Kb8
34. Re7 Rxg4 35. Rxe6 Rg2+ 36. Ke3 Rxb2 37. Rxg6 Rxa2 38. Rxg7 Ra7 39. Rg8+ Kc7
40. Kf4 Ra1 41. Rg7+ Bd7 42. Rh7 Rg1 43. Ne4 Kd8 44. Rh6 Rf1+ 45. Ke3 Re1+ 46.
Kf3 Rf1+ 47. Ke3 Re1+ 48. Kf4 Rf1+ 49. Ke3 Re1+ 50. Kf4 Rf1+ 51. Ke3 1/2-1/2

[Event "TCh-RUS Premier 2022"]
[Site "Sochi RUS"]
[Date "2022.05.04"]
[Round "3.3"]
[Board "6"]
[White "Gaifullin, Artur"]
[Black "Goganov, Aleksey"]
[Result "1/2-1/2"]
[WhiteTitle "FM"]
[BlackTitle "GM"]
[WhiteElo "2445"]
[BlackElo "2561"]
[WhiteTeam "Ladya (Respublika Tatarstan)"]
[BlackTeam "Mednyy vsadnik (g. Sankt-Peterburg)"]
[WhiteFideId "24168653"]
[BlackFideId "24109959"]
[EventDate "2022.05.01"]

1. d4 Nf6 2. c4 e6 3. Nc3 Bb4 4. e3 O-O 5. Bd3 c5 6. a3 Bxc3+ 7. bxc3 d5 8. cxd5
exd5 9. Ne2 b6 10. O-O Ba6 11. dxc5 bxc5 12. Bxa6 Nxa6 13. c4 dxc4 14. Qa4 Qd3
15. Nf4 Qc3 16. Rb1 Rab8 17. Rb5 Rxb5 18. Qxb5 Nb8 19. Qxc5 a5 20. Ne2 Qd3 21.
Nd4 Nbd7 22. Qxa5 g6 23. Bd2 Re8 24. Bb4 Kg7 25. Qa4 Nb6 26. Qd1 Qe4 27. Qf3
Nbd5 28. Rc1 Rc8 29. Qxe4 Nxe4 30. f3 Nxb4 31. axb4 Nd6 32. e4 c3 33. e5 Rc4 34.
exd6 Rxd4 35. d7 Rxd7 36. Rxc3 Rd1+ 37. Kf2 Rb1 38. Rc4 Rb2+ 39. Kg3 g5 40. h4
h6 41. h5 Kh7 42. Kh3 Kg7 43. f4 gxf4 44. Rxf4 f5 45. g4 Rb1 46. Kg3 Rb3+ 47.
Kh4 Rb1 48. gxf5 Kf6 49. Kg4 Rg1+ 50. Kf3 Rh1 51. Ke4 Rxh5 52. b5 Rh1 53. Kd5 h5
54. b6 h4 55. b7 Rb1 56. Kc6 h3 57. Rf1 Rb2 58. Rh1 Rc2+ 59. Kd7 Rd2+ 60. Kc8
Rc2+ 61. Kb8 h2 62. Rf1 Rb2 63. Kc7 1/2-1/2

[Event "TCh-RUS Premier 2022"]
[Site "Sochi RUS"]
[Date "2022.05.04"]
[Round "3.4"]
[Board "1"]
[White "Sjugirov, Sanan"]
[Black "Tomashevsky, Evgeny"]
[Result "1/2-1/2"]
[WhiteTitle "GM"]
[BlackTitle "GM"]
[WhiteElo "2696"]
[BlackElo "2708"]
[WhiteTeam "Yuzhnyy Ural - 1 (Chelyabinskaya oblast)"]
[BlackTeam "Gogolevskiy, 14 (g. Moskva)"]
[WhiteFideId "4189302"]
[BlackFideId "4147235"]
[EventDate "2022.05.01"]

1. e4 e5 2. Nf3 Nc6 3. Bc4 Nf6 4. d3 Bc5 5. Nbd2 d6 6. c3 a6 7. Nf1 O-O 8. Ng3
h6 9. O-O Na5 10. b4 Nxc4 11. bxc5 Na5 12. Rb1 Re8 13. cxd6 cxd6 14. c4 b5 15.
cxb5 axb5 16. Rxb5 Ba6 17. Rb2 d5 18. Re1 dxe4 19. dxe4 Nc4 20. Qxd8 Rexd8 21.
Rb3 Bc8 22. a3 Be6 23. Rc3 Ne8 24. Nf5 Ned6 25. Nxd6 Rxd6 26. Be3 Rda6 27. Bc5 1/2-1/2

[Event "TCh-RUS Premier 2022"]
[Site "Sochi RUS"]
[Date "2022.05.04"]
[Round "3.4"]
[Board "2"]
[White "Goryachkina, Aleksandra"]
[Black "Paravyan, David"]
[Result "1/2-1/2"]
[WhiteTitle "GM"]
[BlackTitle "GM"]
[WhiteElo "2610"]
[BlackElo "2617"]
[WhiteTeam "Gogolevskiy, 14 (g. Moskva)"]
[BlackTeam "Yuzhnyy Ural - 1 (Chelyabinskaya oblast)"]
[WhiteFideId "4147103"]
[BlackFideId "4194985"]
[EventDate "2022.05.01"]

1. d4 Nf6 2. c4 g6 3. Nc3 d5 4. cxd5 Nxd5 5. e4 Nxc3 6. bxc3 Bg7 7. Nf3 c5 8.
Bb5+ Bd7 9. Be2 Bg4 10. Rb1 O-O 11. O-O cxd4 12. cxd4 Bxf3 13. Bxf3 Bxd4 14.
Rxb7 Nc6 15. Qa4 Qc8 16. Rb3 Qe6 17. e5 Rac8 18. Bxc6 Qxc6 19. Qxd4 Qxc1 20. e6
f6 21. Rb7 Rfe8 22. Rxa7 Qc6 23. Qe3 Ra8 24. h3 Rxa7 25. Qxa7 Qxe6 26. a4 Rd8
27. a5 Rd6 28. Qb8+ Kg7 29. Qb4 Kf7 30. Re1 Rd4 31. Qc3 Rd3 32. Qc1 Qd6 33. Qc8
Rd1 34. Rxd1 Qxd1+ 35. Kh2 Qd6+ 36. g3 Qd4 37. Qc2 Ke8 38. a6 Kd7 39. Qa2 Qa7
40. Kg1 Kc6 41. Qf7 Qxa6 42. Qxh7 Qd3 43. Qxe7 Qd1+ 44. Kg2 Qd5+ 45. Kf1 Qd1+
46. Qe1 Qd3+ 47. Qe2 Qb1+ 48. Kg2 Kd6 49. h4 Kd7 50. Qe3 Qc2 51. g4 Qc4 52. Kg3
Qd5 53. f3 Qd6+ 54. Kg2 Qd5 55. Qf4 Qa2+ 56. Kg3 Qa7 57. Qxf6 Qg1+ 58. Kf4 Qc1+
59. Ke4 Qe1+ 60. Kd3 Qd1+ 61. Kc4 Qa4+ 62. Kd3 Qd1+ 63. Ke4 1/2-1/2

[Event "TCh-RUS Premier 2022"]
[Site "Sochi RUS"]
[Date "2022.05.04"]
[Round "3.4"]
[Board "3"]
[White "Kokarev, Dmitry"]
[Black "Kobalia, Mikhail"]
[Result "1/2-1/2"]
[WhiteTitle "GM"]
[BlackTitle "GM"]
[WhiteElo "2576"]
[BlackElo "2596"]
[WhiteTeam "Yuzhnyy Ural - 1 (Chelyabinskaya oblast)"]
[BlackTeam "Gogolevskiy, 14 (g. Moskva)"]
[WhiteFideId "4132181"]
[BlackFideId "4119150"]
[EventDate "2022.05.01"]

1. e4 e5 2. Nf3 Nc6 3. Bb5 a6 4. Ba4 Nf6 5. O-O b5 6. Bb3 Bc5 7. c3 d6 8. d4 Bb6
9. Be3 O-O 10. Nbd2 h6 11. h3 Re8 12. a3 Na5 13. Ba2 c5 14. b4 cxd4 15. cxd4 Nc6
16. dxe5 dxe5 17. Re1 a5 18. Qc1 Bxe3 19. Rxe3 Qd6 20. bxa5 1/2-1/2

[Event "TCh-RUS Premier 2022"]
[Site "Sochi RUS"]
[Date "2022.05.04"]
[Round "3.4"]
[Board "4"]
[White "Murzin, Volodar"]
[Black "Lysyj, Igor"]
[Result "1/2-1/2"]
[WhiteTitle "IM"]
[BlackTitle "GM"]
[WhiteElo "2542"]
[BlackElo "2603"]
[WhiteTeam "Gogolevskiy, 14 (g. Moskva)"]
[BlackTeam "Yuzhnyy Ural - 1 (Chelyabinskaya oblast)"]
[WhiteFideId "44155573"]
[BlackFideId "4150120"]
[EventDate "2022.05.01"]

1. e4 e5 2. Nf3 Nc6 3. Nc3 Nf6 4. d4 exd4 5. Nxd4 Bb4 6. Nxc6 bxc6 7. Bd3 O-O 8.
O-O d5 9. exd5 cxd5 10. h3 c6 11. Qf3 Bd6 12. Bf4 Qc7 13. Bxd6 Qxd6 14. Rad1 Re8
15. Ne2 Rb8 16. b3 c5 17. Rfe1 Bb7 18. Qg3 Qxg3 19. Nxg3 g6 20. Ne2 Kf8 21. f3
h5 1/2-1/2

[Event "TCh-RUS Premier 2022"]
[Site "Sochi RUS"]
[Date "2022.05.04"]
[Round "3.4"]
[Board "5"]
[White "Drygalov, Andrey"]
[Black "Savchenko, Boris"]
[Result "0-1"]
[WhiteTitle "GM"]
[BlackTitle "GM"]
[WhiteElo "2510"]
[BlackElo "2524"]
[WhiteTeam "Yuzhnyy Ural - 1 (Chelyabinskaya oblast)"]
[BlackTeam "Gogolevskiy, 14 (g. Moskva)"]
[WhiteFideId "24171735"]
[BlackFideId "4147332"]
[EventDate "2022.05.01"]

1. e4 c5 2. Nf3 d6 3. d4 cxd4 4. Nxd4 Nf6 5. Nc3 a6 6. f3 g6 7. Be3 Nbd7 8. Qd2
Bg7 9. Bh6 Bxh6 10. Qxh6 b5 11. a3 Qb6 12. Qd2 h5 13. O-O-O Bb7 14. Kb1 Kf8 15.
Be2 e6 16. Rhe1 Kg7 17. Nb3 d5 18. exd5 Nxd5 19. Ne4 N5f6 20. Nxf6 Nxf6 21. Qd4
Qc7 22. Qd6 Rhc8 23. Qxc7 Rxc7 24. h4 Rac8 25. Rd2 Nd5 26. Bf1 Kf6 27. Na5 Ba8
28. b3 Ne7 29. Bd3 Rd7 30. Kc1 Nf5 31. Bxf5 Rxd2 32. Kxd2 Kxf5 33. c4 Kf4 34.
Kc3 Kg3 35. Re2 Kxh4 36. Kb4 bxc4 37. bxc4 Kg3 38. Rc2 e5 39. c5 e4 40. c6 exf3
41. gxf3 h4 42. f4 h3 43. Rc3+ Kg4 44. Rc1 h2 45. Kc5 Kxf4 46. Kd6 g5 47. Kd7
Rh8 0-1

[Event "TCh-RUS Premier 2022"]
[Site "Sochi RUS"]
[Date "2022.05.04"]
[Round "3.4"]
[Board "6"]
[White "Khegay, Dmitriy"]
[Black "Remizov, Yaroslav"]
[Result "1/2-1/2"]
[WhiteTitle "GM"]
[BlackTitle "IM"]
[WhiteElo "2523"]
[BlackElo "2395"]
[WhiteTeam "Gogolevskiy, 14 (g. Moskva)"]
[BlackTeam "Yuzhnyy Ural - 1 (Chelyabinskaya oblast)"]
[WhiteFideId "24153729"]
[BlackFideId "34134015"]
[EventDate "2022.05.01"]

1. e4 c6 2. d4 d5 3. e5 c5 4. Nf3 cxd4 5. Nxd4 Nc6 6. Nxc6 bxc6 7. Bd3 e6 8. O-O
Ne7 9. Nd2 Ng6 10. Nf3 Be7 11. Re1 a5 12. g3 Qb6 13. h4 Bc5 14. Be3 Ba6 15. Bxc5
Qxc5 16. Ng5 O-O 17. h5 h6 18. hxg6 hxg5 19. Qg4 Bxd3 20. cxd3 Qe7 21. Rac1 c5
22. gxf7+ Rxf7 23. Re2 Rf5 24. Qa4 Qc7 25. b4 c4 26. dxc4 dxc4 27. bxa5 Rxe5 28.
Rxe5 Qxe5 29. a6 Qd6 30. a7 Qe7 31. Rxc4 Rxa7 32. Qc2 Kf7 33. a4 Rd7 34. Qb3 Qd6
35. Qf3+ Ke7 36. Rc1 Qd3 37. Qg4 Qd2 38. Qc4 Rd5 39. Ra1 Rf5 40. Qa2 Rxf2 41.
Qxd2 Rxd2 42. a5 Rd8 43. a6 Ra8 44. Kf2 Kd6 45. Ke3 Kc7 46. Ke4 Rf8 47. a7 Kb7
48. Ra5 g4 49. Ra4 Ra8 50. Ke5 Rxa7 51. Rxg4 Kc8 52. Kxe6 Kd8 53. Rb4 Ra5 54.
Rg4 Ra7 55. Rb4 1/2-1/2

[Event "TCh-RUS Premier 2022"]
[Site "Sochi RUS"]
[Date "2022.05.05"]
[Round "4.1"]
[Board "1"]
[White "Sargissian, Gabriel"]
[Black "Goryachkina, Aleksandra"]
[Result "1-0"]
[WhiteTitle "GM"]
[BlackTitle "GM"]
[WhiteElo "2694"]
[BlackElo "2610"]
[WhiteTeam "Shkola im. M.M.Botvinnika (g. Moskva)"]
[BlackTeam "Gogolevskiy, 14 (g. Moskva)"]
[WhiteFideId "13300881"]
[BlackFideId "4147103"]
[EventDate "2022.05.01"]

1. d4 d5 2. c4 c6 3. Nf3 Nf6 4. e3 Bf5 5. Nc3 e6 6. Nh4 Bg6 7. Nxg6 hxg6 8. Rb1
Nbd7 9. c5 e5 10. b4 a6 11. g3 Be7 12. Bg2 exd4 13. exd4 Nf8 14. O-O Ne6 15. Re1
Qd7 16. h4 O-O 17. Bh3 Rae8 18. Bxe6 fxe6 19. Bf4 Nh5 20. Be5 Bd8 21. Re3 Qf7
22. f4 Bc7 23. Qe1 Nf6 24. Qe2 Nh5 25. Qe1 Nf6 26. Bxc7 Qxc7 27. Rb2 Qc8 28. Re5
Kf7 29. Rbe2 Rh8 30. Nd1 Rh5 31. Nf2 Rxe5 32. Rxe5 Rh8 33. Kg2 Rh5 34. Re3 Ke7
35. Qe2 Ne4 36. Nxe4 dxe4 37. Rxe4 Qd7 38. Re5 Rf5 39. Qe4 Kf7 40. g4 Rxe5 41.
Qxe5 Qd8 42. Kg3 a5 43. a3 axb4 44. axb4 Qa8 45. Qc7+ Kg8 46. Qa5 Qc8 47. Qa2
Qd7 48. Qc4 Kf8 49. Kf3 Qd8 50. Qxe6 Qxh4 51. Kg2 Qd8 52. d5 g5 53. fxg5 Qxd5+
54. Qxd5 cxd5 55. Kf3 Ke7 56. Ke3 Kd7 57. b5 1-0

[Event "TCh-RUS Premier 2022"]
[Site "Sochi RUS"]
[Date "2022.05.05"]
[Round "4.1"]
[Board "2"]
[White "Kobalia, Mikhail"]
[Black "Rakhmanov, Aleksandr"]
[Result "0-1"]
[WhiteTitle "GM"]
[BlackTitle "GM"]
[WhiteElo "2596"]
[BlackElo "2640"]
[WhiteTeam "Gogolevskiy, 14 (g. Moskva)"]
[BlackTeam "Shkola im. M.M.Botvinnika (g. Moskva)"]
[WhiteFideId "4119150"]
[BlackFideId "4173708"]
[EventDate "2022.05.01"]

1. e4 e5 2. Nf3 Nf6 3. d4 Nxe4 4. Bd3 d5 5. Nxe5 Nd7 6. Nxd7 Bxd7 7. O-O Be7 8.
c4 Nf6 9. c5 O-O 10. Qc2 c6 11. Nd2 Re8 12. Nf3 g6 13. Ne5 Nh5 14. g4 Nf6 15. h3
Bf8 16. Bg5 Bg7 17. f4 Qc7 18. f5 Ne4 19. Bxe4 dxe4 20. f6 Bf8 21. Bf4 Qd8 22.
Qxe4 Be6 23. Bg3 Bd5 24. Qe3 b6 25. b4 a5 26. a3 bxc5 27. bxc5 Rb8 28. Qf2 Rb3
29. g5 Qc8 30. Kh2 Bxc5 31. dxc5 Rxe5 32. Rab1 Rxg5 33. Rxb3 Bxb3 34. Qe3 Rh5
35. h4 a4 36. Rf4 h6 37. Qe7 Rd5 38. Rb4 Rd2+ 39. Kg1 Rd1+ 40. Kh2 Bd5 41. Be1
Rd3 42. Kg1 Kh7 0-1

[Event "TCh-RUS Premier 2022"]
[Site "Sochi RUS"]
[Date "2022.05.05"]
[Round "4.1"]
[Board "3"]
[White "Petrov, Nikita"]
[Black "Murzin, Volodar"]
[Result "1/2-1/2"]
[WhiteTitle "GM"]
[BlackTitle "IM"]
[WhiteElo "2560"]
[BlackElo "2542"]
[WhiteTeam "Shkola im. M.M.Botvinnika (g. Moskva)"]
[BlackTeam "Gogolevskiy, 14 (g. Moskva)"]
[WhiteFideId "4101286"]
[BlackFideId "44155573"]
[EventDate "2022.05.01"]

1. Nf3 d5 2. c4 c6 3. g3 Bg4 4. Ne5 Be6 5. d4 Nd7 6. cxd5 Bxd5 7. f3 Ngf6 8.
Nxd7 Qxd7 9. e4 Be6 10. Nc3 Bh3 11. Be2 h5 12. d5 e5 13. dxc6 bxc6 14. Qxd7+
Nxd7 15. Be3 Rb8 16. Na4 Nb6 17. Nc5 f5 18. O-O-O fxe4 19. Nxe4 Nd5 20. Bxa7 Ra8
21. Bf2 Rxa2 22. Kb1 Ra5 23. Rc1 Bd7 24. Rhd1 Be7 25. Bc5 Kf7 26. Bxe7 1/2-1/2

[Event "TCh-RUS Premier 2022"]
[Site "Sochi RUS"]
[Date "2022.05.05"]
[Round "4.1"]
[Board "4"]
[White "Savchenko, Boris"]
[Black "Sviridov, Valery"]
[Result "0-1"]
[WhiteTitle "GM"]
[WhiteElo "2524"]
[BlackElo "2569"]
[WhiteTeam "Gogolevskiy, 14 (g. Moskva)"]
[BlackTeam "Shkola im. M.M.Botvinnika (g. Moskva)"]
[WhiteFideId "4147332"]
[BlackFideId "4120680"]
[EventDate "2022.05.01"]

1. d4 Nf6 2. c4 g6 3. f3 d5 4. cxd5 Nxd5 5. e4 Nb6 6. Nc3 Bg7 7. Be3 O-O 8. Qd2
Nc6 9. O-O-O f5 10. e5 Nb4 11. Nh3 Be6 12. Kb1 N4d5 13. Ng5 Nxc3+ 14. Qxc3 Bd5
15. h4 Qd7 16. Bd3 Bc6 17. h5 h6 18. Nh3 g5 19. Nxg5 hxg5 20. h6 Bh8 21. h7+ Kf7
22. Bxg5 Ke8 23. Rc1 Rd8 24. Qa3 Rf7 25. Rh4 Rg7 26. Bf6 exf6 27. exf6 Rxg2 28.
Re1+ Kf7 29. Re7+ Kxf6 30. Rxd7 Rg1+ 31. Kc2 Rg2+ 32. Kb1 Rg1+ 33. Kc2 Rg2+ 34.
Kb3 Bxd7 35. Rh6+ Rg6 36. Rxg6+ Kxg6 37. Qxa7 Be6+ 38. Kc2 Ra8 39. Qxb7 Bd5 40.
Qxc7 Rc8 0-1

[Event "TCh-RUS Premier 2022"]
[Site "Sochi RUS"]
[Date "2022.05.05"]
[Round "4.1"]
[Board "5"]
[White "Makarian, Rudik"]
[Black "Khegay, Dmitriy"]
[Result "0-1"]
[WhiteTitle "IM"]
[BlackTitle "GM"]
[WhiteElo "2523"]
[BlackElo "2523"]
[WhiteTeam "Shkola im. M.M.Botvinnika (g. Moskva)"]
[BlackTeam "Gogolevskiy, 14 (g. Moskva)"]
[WhiteFideId "44105681"]
[BlackFideId "24153729"]
[EventDate "2022.05.01"]

1. Nf3 d5 2. d4 Nf6 3. c4 e6 4. Nc3 Nbd7 5. cxd5 exd5 6. Qc2 Bb4 7. Bg5 c5 8. e3
Qc7 9. Bd3 c4 10. Bf5 O-O 11. O-O Qc6 12. e4 dxe4 13. Nxe4 g6 14. d5 Qa6 15. a3
Ba5 16. Bxd7 Nxe4 17. Be7 Bxd7 18. Qxe4 Rfe8 19. Qh4 c3 20. Ng5 h5 21. Ne4 cxb2
22. Rad1 Bf5 23. Nf6+ Kg7 24. Qd4 Rxe7 25. d6 Re6 26. Nxh5+ Kh6 27. Qg7+ Kxh5
28. f4 Qb6+ 29. Kh1 Qb3 30. h3 Bxh3 31. Rf3 Qxd1+ 32. Kh2 Bxg2 33. Qh7+ Kg4 34.
Rg3+ Kxf4 35. Qxf7+ Ke5 36. Rg5+ Kxd6 37. Qf4+ Ke7 0-1

[Event "TCh-RUS Premier 2022"]
[Site "Sochi RUS"]
[Date "2022.05.05"]
[Round "4.1"]
[Board "6"]
[White "Nikitenko, Mihail"]
[Black "Kukhmazov, Arsen"]
[Result "0-1"]
[WhiteTitle "IM"]
[BlackTitle "IM"]
[WhiteElo "2479"]
[BlackElo "2482"]
[WhiteTeam "Gogolevskiy, 14 (g. Moskva)"]
[BlackTeam "Shkola im. M.M.Botvinnika (g. Moskva)"]
[WhiteFideId "13506862"]
[BlackFideId "24108260"]
[EventDate "2022.05.01"]

1. e4 c6 2. d4 d5 3. e5 Bf5 4. Nf3 e6 5. Be2 Ne7 6. O-O c5 7. dxc5 Nec6 8. Be3
Nd7 9. c4 dxc4 10. Na3 Bxc5 11. Bxc5 Nxc5 12. Nxc4 O-O 13. Qc1 Nd3 14. Qe3 Ndb4
15. Rad1 Qe7 16. Nd6 Bg4 17. Qf4 Bh5 18. g4 Bg6 19. h4 f6 20. exf6 Rxf6 21. Qg3
Nd5 22. h5 Bc2 23. Rd2 Nf4 24. Re1 Rd8 25. Bc4 Rxd6 26. g5 Rf8 27. Rxd6 Qxd6 28.
Rxe6 Qxe6 29. Bxe6+ Nxe6 30. Qd6 Bf5 31. Qd5 Bg4 32. Nh2 Rd8 33. Qc4 Bf5 34. h6
Nd4 35. f3 b5 36. Qb4 Rd7 37. a4 Nxg5 38. hxg7 Rxg7 39. Kh1 Nge6 40. Qd6 h5 41.
axb5 Bh3 42. b6 axb6 43. Qxb6 Nf4 44. Ng4 Bg2+ 45. Kg1 Nxf3+ 46. Kf2 Rxg4 47.
Qd8+ Kf7 48. Qd7+ Kf6 49. Qd8+ Ke5 50. Qe8+ Kd5 51. Qa8+ Kd4 52. Qa7+ Ke4 53.
Qb7+ Kd3 54. Qa6+ Kd4 55. Qa7+ Ke4 56. Qb7+ Nd5 57. Qh7+ Ke5 58. Qxh5+ Rg5 59.
Qxg5+ Nxg5 60. Kxg2 Nb4 61. Kg3 Kf5 62. b3 Ne6 63. Kf3 Nd4+ 64. Ke3 Ke5 65. Kd2
Ndc2 66. Kc3 Kd5 67. Kd2 Kd4 68. Ke2 Ne3 69. Kd2 Ned5 70. Ke2 Ke4 71. Kd2 Kf3
72. Kc1 Nc3 73. Kd2 Ne2 74. Ke1 Ke3 75. Kf1 Nf4 76. Ke1 Ng2+ 77. Kd1 Kd3 78. Kc1
Ne3 79. Kb1 Kd2 80. Kb2 Nec2 81. Kb1 Na3+ 82. Ka1 Nb5 83. Kb2 Nd3+ 84. Ka2 Kc2
85. b4 Nc1+ 0-1

[Event "TCh-RUS Premier 2022"]
[Site "Sochi RUS"]
[Date "2022.05.05"]
[Round "4.2"]
[Board "1"]
[White "Artemiev, Vladislav"]
[Black "Sjugirov, Sanan"]
[Result "1/2-1/2"]
[WhiteTitle "GM"]
[BlackTitle "GM"]
[WhiteElo "2700"]
[BlackElo "2696"]
[WhiteTeam "Ladya (Respublika Tatarstan)"]
[BlackTeam "Yuzhnyy Ural - 1 (Chelyabinskaya oblast)"]
[WhiteFideId "24101605"]
[BlackFideId "4189302"]
[EventDate "2022.05.01"]

1. d4 Nf6 2. c4 e6 3. Nf3 d5 4. Nc3 Bb4 5. e3 O-O 6. Bd2 c5 7. a3 Bxc3 8. Bxc3
cxd4 9. Nxd4 Re8 10. Nf3 b6 11. Rc1 Bb7 12. cxd5 Nxd5 13. Bb5 Nxc3 14. Rxc3
Qxd1+ 15. Kxd1 Rd8+ 16. Ke2 a6 17. Ba4 b5 18. Bc2 Nd7 19. Rd1 Nb6 20. Rxd8+ Rxd8
21. Bd3 Kf8 22. Rc7 Rd7 23. Rc2 Bxf3+ 24. gxf3 Ke7 25. f4 f5 26. Rc1 Kd6 27. Rd1
Kc6 28. Rc1+ Kd6 29. Rd1 Kc6 30. Rc1+ 1/2-1/2

[Event "TCh-RUS Premier 2022"]
[Site "Sochi RUS"]
[Date "2022.05.05"]
[Round "4.2"]
[Board "2"]
[White "Paravyan, David"]
[Black "Timofeev, Artyom"]
[Result "1-0"]
[WhiteTitle "GM"]
[BlackTitle "GM"]
[WhiteElo "2617"]
[BlackElo "2574"]
[WhiteTeam "Yuzhnyy Ural - 1 (Chelyabinskaya oblast)"]
[BlackTeam "Ladya (Respublika Tatarstan)"]
[WhiteFideId "4194985"]
[BlackFideId "4140419"]
[EventDate "2022.05.01"]

1. e4 e6 2. d4 d5 3. Nc3 dxe4 4. Nxe4 Nd7 5. Nf3 Ngf6 6. Nxf6+ Nxf6 7. a4 Be7 8.
g3 Bd7 9. Ne5 Bc6 10. Nxc6 bxc6 11. Bg2 Nd5 12. O-O O-O 13. h4 Rb8 14. a5 Bf6
15. c3 Qd6 16. Qg4 g6 17. h5 Rfd8 18. h6 Qe7 19. Ra4 Qd6 20. Re1 Be7 21. Qe2 Bf8
22. Be4 Qd7 23. Rc4 Rb5 24. b4 a6 25. Qf3 Re8 26. Bd3 Rbb8 27. Bc2 Rb5 28. Rd1
Rd8 29. Bd2 Qe8 30. Ba4 Be7 31. Rc1 Rdb8 32. Kg2 Rd8 33. Kg1 Rdb8 34. Qe2 Bd6
35. Rxc6 Qxc6 36. c4 Qb7 37. cxb5 axb5 38. Bb3 Kf8 39. Qf3 Kg8 40. Bxd5 Qxd5 41.
Qf6 1-0

[Event "TCh-RUS Premier 2022"]
[Site "Sochi RUS"]
[Date "2022.05.05"]
[Round "4.2"]
[Board "3"]
[White "Tsydypov, Zhamsaran"]
[Black "Kokarev, Dmitry"]
[Result "0-1"]
[WhiteTitle "GM"]
[BlackTitle "GM"]
[WhiteElo "2533"]
[BlackElo "2576"]
[WhiteTeam "Ladya (Respublika Tatarstan)"]
[BlackTeam "Yuzhnyy Ural - 1 (Chelyabinskaya oblast)"]
[WhiteFideId "4108566"]
[BlackFideId "4132181"]
[EventDate "2022.05.01"]

1. e4 c5 2. Nf3 d6 3. d4 cxd4 4. Nxd4 Nf6 5. Nc3 a6 6. h3 e5 7. Nde2 h5 8. Bg5
Be6 9. Ng3 Nbd7 10. Qf3 Rc8 11. O-O-O Qa5 12. Kb1 Rxc3 13. Qxc3 Qxc3 14. bxc3 h4
15. Ne2 Nxe4 16. Be3 f5 17. f3 Ng3 18. Nxg3 hxg3 19. f4 Rh4 20. fxe5 dxe5 21.
Be2 Be7 22. Rhe1 Kf7 23. Rf1 Ra4 24. Bf3 f4 25. Bxb7 Nf6 26. Bb6 Ne4 27. Rd3
Bxa2+ 28. Kb2 Nd6 29. Rxd6 Bxd6 30. Rd1 Ke6 31. Bc6 Ra3 32. Bf3 Be7 33. Bg4+ Kf7
34. Rd7 Be6 35. Ra7 Bxg4 36. hxg4 Ke6 37. Rxe7+ Kxe7 38. Kxa3 Kd6 39. Kb4 e4 40.
Ba7 Kc7 41. Bd4 Kd6 42. Ba7 g5 43. c4 a5+ 44. Kc3 a4 45. Kd2 a3 46. Bd4 a2 47.
Ke2 Kc6 48. Bb2 Kc5 49. Ba1 Kxc4 50. Bb2 f3+ 51. gxf3 g2 52. Kf2 exf3 53. Ba1
Kd5 54. Bb2 Ke4 55. c4 Kd3 0-1

[Event "TCh-RUS Premier 2022"]
[Site "Sochi RUS"]
[Date "2022.05.05"]
[Round "4.2"]
[Board "4"]
[White "Lysyj, Igor"]
[Black "Faizrakhmanov, Ramil"]
[Result "1-0"]
[WhiteTitle "GM"]
[BlackTitle "IM"]
[WhiteElo "2603"]
[BlackElo "2480"]
[WhiteTeam "Yuzhnyy Ural - 1 (Chelyabinskaya oblast)"]
[BlackTeam "Ladya (Respublika Tatarstan)"]
[WhiteFideId "4150120"]
[BlackFideId "24103209"]
[EventDate "2022.05.01"]

1. d4 d5 2. c4 e6 3. Nc3 Be7 4. Nf3 Nf6 5. Bf4 O-O 6. e3 c5 7. dxc5 Bxc5 8. a3
Nc6 9. Be2 dxc4 10. Bxc4 Qxd1+ 11. Rxd1 b6 12. g4 Bb7 13. g5 Nh5 14. Bd6 Bxd6
15. Rxd6 Rfd8 16. Rxd8+ Rxd8 17. Rg1 g6 18. Rg4 Ng7 19. Bb5 Ne7 20. Ne5 Ngf5 21.
Ra4 Nd6 22. Be2 a5 23. Rd4 Nef5 24. Rd1 Rc8 25. f3 Ne8 26. e4 Ne7 27. Nd7 Bc6
28. Nxb6 Rb8 29. Nc4 Nc7 30. Rd2 a4 31. Bd1 Ra8 32. Nb6 Rb8 33. Nbxa4 e5 34. Nc5 1-0